| 000 | 00764pam a2200277 a 4500 | ||
|---|---|---|---|
| 999 |
_c10000 _d10000 |
||
| 001 | 10000 | ||
| 003 | BD-JhCC | ||
| 005 | 20180404104440.0 | ||
| 008 | 180404s1986 nyua b 001 0 eng | ||
| 020 | _a0023698101 | ||
| 035 | _a(BD-JhCC)10000 | ||
| 040 |
_aDLC _cDLC _dDLC _dBD-JhCC |
||
| 041 | _aeng | ||
| 050 | 0 | 0 |
_aQA184 _b.L46 1986 |
| 082 | 0 | 0 |
_a512/.5 _219 _bLEO 1986 |
| 100 | 1 | _aLeon, Steven J. | |
| 245 | 1 | 0 |
_aLinear algebra with applications / _cSteven J. Leon. |
| 250 | _a2nd ed. | ||
| 260 |
_aNew York : _bMacmillan ; _aLondon : _bCollier Macmillan, _cc1986. |
||
| 300 |
_axv, 408 p. : _bill. ; _c26 cm. |
||
| 500 | _aIncludes index. | ||
| 504 | _aBibliography: p. 381-383. | ||
| 650 | 0 | _aAlgebras, Linear. | |
| 942 |
_2ddc _cREF |
||